000 00743nam a2200133Ia 4500
008 171212s9999 xx 000 0 und d
020 _a9781921313264
245 _ceditor Weiner, James;Glaskin, Katie
_aCustomary Land Tenure & Registration in Australia and Papua New Guinea
_bAnthropological Perspectives
260 _bANU E Press
_c2007
440 _aAsia-Pacific Environment Monographs
650 _aAboriginal Australians -- Land tenure -- Social aspects -- Australia; Papuans -- Land tenure -- Social aspects -- Papua New Guinea; Land titles -- Registration and transfer -- Australia; Land titles -- Registration and transfer -- Papua New Guinea; Land u
650 _aPolitical Science
856 _uwww.jstor.org/stable/10.2307/j.ctt24h97r
999 _c351062
_d351062